| 000 | 00000nam 2200000zi 4500 |
| 001 | 9.936785 |
| 003 | CaOODSP |
| 005 | 20250730104953 |
| 006 | m o d f |
| 007 | cr |n||||||||| |
| 008 | 240415e20240412onc ob f|0| 0 eng d |
| 040 | |aCaOODSP|beng|erda|cCaOODSP |
| 043 | |an-cn--- |
| 086 | 1 |aH113-9/2024-4E-PDF |
| 245 | 00|aExtract of Swinglea glutinosa and EcoSwing Botanical Fungicide. |
| 264 | 1|aOttawa, Ontario : |bPest Management Regulatory Agency, Health Canada, |c12 April 2024. |
| 264 | 4|c©2024 |
| 300 | |a1 online resource (42 pages). |
| 336 | |atext|btxt|2rdacontent |
| 337 | |acomputer|bc|2rdamedia |
| 338 | |aonline resource|bcr|2rdacarrier |
| 490 | 1 |aProposed registration decision, |x1925-0886 ; |vPRD2024-04 |
| 500 | |aIssued also in French under title: Extrait de Swinglea glutinosa et fongicide botanique EcoSwing. |
| 504 | |aIncludes bibliographical references. |
| 650 | 0|aFungicides|xCertification|zCanada. |
| 650 | 0|aFungicides|xEnvironmental aspects. |
| 650 | 0|aFungicides|xHealth aspects. |
| 710 | 1 |aCanada. |bPest Management Regulatory Agency, |eissuing body. |
| 775 | 08|tExtrait de Swinglea glutinosa et fongicide botanique EcoSwing.|w(CaOODSP)9.936787 |
| 830 | #0|aProposed registration decision ;|vPRD2024-04.|w(CaOODSP)9.504464 |
| 856 | 40|qPDF|s688 KB|uhttps://publications.gc.ca/collections/collection_2024/sc-hc/h113-9/H113-9-2024-4-eng.pdf |
| 856 | 4 |qHTML|sN/A|uhttps://www.canada.ca/en/health-canada/services/consumer-product-safety/pesticides-pest-management/public/consultations/proposed-registration-decisions/2024/swinglea-glutinosa-ecoswing-botanical-fungicide.html |